000
00326nam a22001457a 4500
008
211018b ||||| |||| 00| 0 eng d
020
_a
9780314044693
041
_a
eng
080
_a
330.722.6
082
_a
330.722.6
100
_a
61
101
_a
KF
245
_a
Intermediate Accounting
_c
Hartman,B.P
942
_2
udc
_c
BK
999
_c
58244
_d
58244